Relaciones de poder en la construcción de regímenes de propiedad intelectual: las disputas legislativas por el acceso a los recursos vegetales en Costa Rica. Un análisis a partir de expedientes legislativos /
Uloženo v:
| Hlavní autor: | |
|---|---|
| Médium: | Neznámo |
| Jazyk: | Spanish |
| Vydáno: |
Costa Rica :
sin editorial
|
| Témata: | |
| Tagy: |
Přidat tag
Žádné tagy, Buďte první, kdo vytvoří štítek k tomuto záznamu!
|
MARC
| LEADER | 00000 a2200000 04500 | ||
|---|---|---|---|
| 001 | 43391 | ||
| 003 | cru CIDCAS/IIS | ||
| 005 | 20230919133843.0 | ||
| 008 | 050622s2000 cr spa d | ||
| 040 | |a |c cru CIDCAS/IIS | ||
| 090 | |a 19.02.03 M827r | ||
| 100 | |a Mora Solano, Cindy | ||
| 245 | |a Relaciones de poder en la construcción de regímenes de propiedad intelectual: |b las disputas legislativas por el acceso a los recursos vegetales en Costa Rica. Un análisis a partir de expedientes legislativos / |c Sindy Mora Solano | ||
| 260 | |a Costa Rica : |b sin editorial | ||
| 300 | |a 30 páginas | ||
| 500 | |a El presente documento es una sintesis narrativa de las actividades realizadas durante el período de la beca | ||
| 505 | |a El texto analiza las relaciones de poder que subyacen en las disputas legislativas relacionadas con el acceso a los recursos vegetales en Costa Rica, específicamente en el contexto de la propiedad intelectual. La autora examina detalladamente expedientes legislativos para comprender cómo se han configurado las políticas y regulaciones en torno a la propiedad intelectual de los recursos vegetales. A través de este análisis, se destacan las dinámicas de poder entre diversos actores, como empresas, sectores académicos, organizaciones no gubernamentales y el gobierno, y cómo estas dinámicas han influido en la toma de decisiones y la formulación de políticas. El estudio arroja luz sobre la complejidad de estos procesos y sus implicaciones en términos de acceso a los recursos naturales y la equidad. RAR | ||
| 650 | |a PROPIEDAD INTELECTUAL | ||
| 650 | |a ANALISIS DE DISCURSO | ||
| 650 | |a TRATADOS COMERCIALES | ||
| 650 | |a DERECHO DE PATENTES | ||
| 650 | |a PODER LEGISLATIVO | ||
| 650 | |a ASAMBLEA LEGISLATIVA | ||
| 650 | |a CAFTA | ||
| 650 | |a COSTA RICA | ||
| 650 | |a AGRICULTURA | ||
| 650 | |a SEMILLAS | ||
| 650 | |a INVESTIGACION | ||
| 942 | |2 ddc |c LI | ||
| 999 | |c 18517 |d 18517 | ||
